Word Ladder: US Women's Soccer Quiz Stats

Quiz Updated Aug 19, 2016

Challenge
Share
Tweet
Embed
Score 0/37 Timer 05:00
1 Play Today
Clue 4-Letter Word % Correct
Sport played on horsebackPOLO
95.1%
Road feeTOLL
95.1%
Survey a group for their opinionPOLL
94.3%
* 3-time World Cup keeper Hope **SOLO*
94%
To show off musclesFLEX
93.3%
'Double, double, ___ and trouble'TOIL
92.6%
Frozen precipitationHAIL
92.1%
Actor and dancer AstaireFRED
91.9%
Left in a panicked hurryFLED
91.2%
A substance with a low pH levelACID
91.1%
A deli meat is also known as a ___ cutCOLD
91.1%
'Dancing Queen' Swedish pop groupABBA
91%
Follow a suspectTAIL
90.9%
Exchanged for moneySOLD
90.9%
Possessing XY chromosomesMALE
90.5%
'At ___, soldier!'EASE
90.2%
A large bundle of hayBALE
89.9%
'Fantastic Four' actress JessicaALBA
89.7%
Slang for authenticity, street-___CRED
89.7%
Clue 4-Letter Word % Correct
A substance with a high pH levelBASE
89.2%
Having both men and womenCO-ED
89.1%
1969 John Wayne movie: 'True ___'GRIT
89%
Passed with flying colorsACED
88.7%
* National team striker in 2011 and 2015 Morgan **ALEX*
88.4%
Very dryARID
88.1%
Snow queen from 2013 movie 'Frozen'ELSA
87.7%
What a crossword puzzle is essentiallyGRID
86.5%
Highest pointAPEX
85.6%
* Women's national team star of the '90s Mia **HAMM*
85.4%
Germinated grain used to make beerMALT
85.3%
'The Wire' actor Idris ELBA
84.9%
Coding term for conditional statements: 'If-___'ELSE
84.5%
A horse's strideGAIT
83.8%
Copied or imitatedAPED
83.6%
Actor Corey of 'The Lost Boys'HAIM
82.1%
Protagonist of 'Atlas Shrugged' JohnGALT
80.3%
* All-time international goal-scorer Wambach **ABBY*
78.1%

Today's Daily Dose

Missing Word
Brians

On This Day
January 17th

You're not logged in!

Compare scores with friends on all Sporcle quizzes.
Sign Up with Email
OR
Log In

You Might Also Like...

Show Comments

Extras

Top Quizzes Today


Score Distribution

Your Account Isn't Verified!

In order to create a playlist on Sporcle, you need to verify the email address you used during registration. Go to your Sporcle Settings to finish the process.